Relacion historica del viage a la America Meridional hecho de orden de S. Mag. para medir algunos grados de meridiano terrestre y venir por ellos en conocimiento de la verdadera figura y Magnitud de la Tierra, con otras Observaciones Astronomicas y Phisicas (Record no. 8673)

MARC details
000 -CABECERA
campo de control de longitud fija 01165nam a2200265 a 4500
001 - NÚMERO DE CONTROL
campo de control BRCA_9022
005 - FECHA Y HORA DE LA ÚLTIMA TRANSACCIÓN
campo de control 20190320210510.0
008 - DATOS DE LONGITUD FIJA--INFORMACIÓN GENERAL
campo de control de longitud fija 250717s1768----sp-ab#####---#000-0#spa-#
041 ## - CÓDIGO DE LENGUA
Código de lengua del texto/banda sonora o título independiente spa
044 ## - CÓDIGO DEL PAÍS DE LA ENTIDAD EDITORA/PRODUCTORA
Código MARC del país sp
084 ## - OTRO NÚMERO DE CLASIFICACIÓN
Número de clasificación LM45
Número de documento/Ítem .J67 1768
100 1# - ENTRADA PRINCIPAL--NOMBRE DE PERSONA
Nombre de persona Jorge Juan
Fechas asociadas al nombre 1713 - 1773
9 (RLIN) 22372
245 10 - MENCIÓN DE TÍTULO
Título Relacion historica del viage a la America Meridional hecho de orden de S. Mag. para medir algunos grados de meridiano terrestre y venir por ellos en conocimiento de la verdadera figura y Magnitud de la Tierra, con otras Observaciones Astronomicas y Phisicas
Mención de responsabilidad, etc. por Don Jorge Juan; y Don Antonio de Ulloa.
260 ## - PUBLICACIÓN, DISTRIBUCIÓN, ETC.
Lugar de publicación, distribución, etc. Madrid
Nombre del editor, distribuidor, etc. Por Antonio Marin
Fecha de publicación, distribución, etc. 1768
300 ## - DESCRIPCIÓN FÍSICA
Extensión 4 v.
Otras características físicas il.
Dimensiones 28.5 x 21 cm
500 ## - NOTA GENERAL
Nota general Estado físico: presenta encuadernación en piel
505 0# - NOTA DE CONTENIDO CON FORMATO
Nota de contenido con formato Contenido: T.1 Pte. 1.-- T.2 Pte.1.-- T.3 Pte.2.-- T.4 Pte.2
650 14 - PUNTO DE ACCESO ADICIONAL DE MATERIA--TÉRMINO DE MATERIA
Término de materia o nombre geográfico como elemento de entrada Libro de viajes
9 (RLIN) 22373
650 14 - PUNTO DE ACCESO ADICIONAL DE MATERIA--TÉRMINO DE MATERIA
Término de materia o nombre geográfico como elemento de entrada América del Sur
Subdivisión general Descubrimientos y exploraciones
Subdivisión cronológica Siglo XVIII
9 (RLIN) 22374
650 14 - PUNTO DE ACCESO ADICIONAL DE MATERIA--TÉRMINO DE MATERIA
Término de materia o nombre geográfico como elemento de entrada Marinos
Subdivisión cronológica Siglos XVIII
Subdivisión geográfica España
9 (RLIN) 22375
651 #4 - PUNTO DE ACCESO ADICIONAL DE MATERIA--NOMBRE GEOGRÁFICO
Nombre geográfico Perú
Subdivisión general Descripción y viajes
Subdivisión cronológica Siglo XVIII
9 (RLIN) 22376
700 1# - PUNTO DE ACCESO ADICIONAL--NOMBRE DE PERSONA
Nombre de persona Ulloa, Antonio de
Fechas asociadas al nombre 1716 - 1795
9 (RLIN) 22377
902 ## - CATALOGADOR
Iniciales CFM
942 ## - ELEMENTOS DE PUNTO DE ACCESO ADICIONAL (KOHA)
Fuente del sistema de clasificación o colocación Library of Congress Classification
Tipo de ítem Koha Libros
Holdings
Estado de retiro Estado de pérdida Estado dañado No para préstamo Localización permanente Ubicación/localización actual Fecha de adquisición Total de préstamos Signatura topográfica completa Código de barras Fecha visto por última vez Precio válido a partir de Tipo de ítem Koha Código de colección
El ejemplar forma parte de la colección y puede ser consultado según las políticas vigentes.       Biblioteca del Museo Franz Mayer (Rogerio Casas-Alatriste) Biblioteca del Museo Franz Mayer (Rogerio Casas-Alatriste) 25/07/2017   LM45 .J67 1768 CFM00328 22/03/2019 22/03/2019 Libros  
El ejemplar forma parte de la colección y puede ser consultado según las políticas vigentes.       Biblioteca del Museo Franz Mayer (Rogerio Casas-Alatriste) Biblioteca del Museo Franz Mayer (Rogerio Casas-Alatriste) 15/09/2017   LM45 .J67 1768 CFM00329 22/03/2019 22/03/2019 Libros Conventual Franz Mayer
El ejemplar forma parte de la colección y puede ser consultado según las políticas vigentes.       Biblioteca del Museo Franz Mayer (Rogerio Casas-Alatriste) Biblioteca del Museo Franz Mayer (Rogerio Casas-Alatriste) 15/09/2017   LM45 .J67 1768 CFM00330 22/03/2019 22/03/2019 Libros  
El ejemplar forma parte de la colección y puede ser consultado según las políticas vigentes.       Biblioteca del Museo Franz Mayer (Rogerio Casas-Alatriste) Biblioteca del Museo Franz Mayer (Rogerio Casas-Alatriste) 15/09/2017   LM45 .J67 1768 CFM00331 22/03/2019 22/03/2019 Libros Conventual Franz Mayer